=LDR 00000nam 2200000 4500 =001 INLIS000000001052437 =005 20240829102835 =035 ##$$a 0010-0824000255 =007 ta =008 240829################a##########1###### =020 ##$$a 978-89-6329-607-4 =082 ##$$a 028.55 =084 ##$$a 028.55 CHO s =100 #$$a Choi Eun-gyu =245 1#$$a Seperti apa baunya /$c Choi Eun-gyu =260 ##$$a Tolstoy Korea :$b Gyeonggi-do =300 ##$$a 31 hlm : $b ilus ; $c 22,6 x 26 cm =650 #4$$a Bacaan kanak-kanak =990 ##$$a 18261826